[Event "Sarajevo Bosnia 32nd"]
[Site "Sarajevo"]
[Date "2002.05.25"]
[Round "4"]
[White "Sokolov, Ivan"]
[Black "Radjabov, Teimour"]
[Result "1-0"]
[WhiteElo "2647"]
[BlackElo "2610"]
[Annotator "Hazai,L"]
[PlyCount "97"]
[EventDate "2002.05.22"]
[EventType "tourn"]
[EventRounds "9"]
[EventCountry "BIH"]
[EventCategory "16"]
[SourceTitle "CBM 090"]
[Source "ChessBase"]
[SourceDate "2002.09.20"]
[SourceVersion "1"]
[SourceVersionDate "2002.09.20"]
[SourceQuality "1"]

1. d4 Nf6 2. c4 g6 3. Nc3 Bg7 4. Nf3 O-O 5. Bg5 h6 6. Bh4 d6 7. e3 c5 8. d5 {
After the text move Nc6 is not possible and the position needs a lot of
knowledge of the Benoni.} (8. Be2 {is the other alternative keeping the [+]
open.}) 8... g5 {is a straightforward move in order to exchange the B, but the
weaknesses on the >> may become a target soon.} (8... e5 {- Avrukh-Gadjily,
Batumi EU-chT 1999 CBM 78}) (8... a6 {- Yusupov-Gallagher, Dresden zt 1998 CBM
65}) (8... e6 {- Gulko-Sammour, Chandler 1997 CBM 61}) 9. Bg3 Nh5 10. Bd3 (10.
Nxg5 $143 $2 Nxg3 11. hxg3 hxg5 12. Qh5 Re8 $17) (10. Nd2 Nxg3 11. hxg3 {
Black's >> is weakened, especially the light squares can be problematic.
However his wonderfully fianchettoed B and active piece play can balance it.}
Nd7 (11... e5 $143 12. g4 {and the weaknesses of the light squares are
unbearable.} f5 13. gxf5 e4 $2 14. g4 $18 {Kempinski-Trisic, Hamburg 1998}) (
11... Bf5 $5 12. e4 Bh7 13. Bd3 e6 14. Nf1 $1 $14 {Glek-Wahls, BL 1995/96}) (
11... f5 12. f4 {fixes >< f5, but ceates weaknesses in White's camp, too.} (12.
Be2 e6 13. O-O exd5 14. cxd5 Nd7 15. g4 f4 $132 {R.Schneider-Lechtynsky,
Bayern 1999}) 12... e5 13. dxe6 Bxe6 14. Qc2 Nc6 $13 {Vokac-Hedman, Pardubice
1999}) 12. Be2 Nf6 (12... f5 $5) 13. Qc2 e6 14. dxe6 Bxe6 15. Rd1 (15. Nde4
Nxe4 16. Nxe4 b5 17. cxb5 Qa5+ 18. Kf1 Rfd8 19. a3 a6 20. f4 f5 21. fxg5 fxe4
22. Qxe4 $44 {Nikolaidis-Smirin, Panormo 2001}) 15... Qe7 16. Nde4 Rad8 17.
Nxf6+ Qxf6 18. O-O Qe7 19. Nd5 {White gains control over >< d5, but he cannot
exchange his B, so Black's ^^ remains threatening.} Qd7 20. Rd2 Rfe8 21. Rfd1
Bf5 22. Bd3 Bg4 {Black has to avoid the exchange of the light-squared B.} 23.
Be2 Bf5 24. Bd3 {1/2:1/2 St.Pedersen-Shchekachev, Cannes op 1995}) 10... f5 (
10... Nd7 $143 $2 11. Nxg5 Nxg3 12. hxg3 hxg5 13. Bh7+ Kh8 14. Ne4 $18) (10...
e5 $143 $2 {loses a P after} 11. dxe6 Nxg3 (11... Bxe6 12. Bxd6 $18) 12. exf7+
Rxf7 13. hxg3 Nc6 14. Bg6 Rf6 15. Be4 Be6 16. Bd5 $18 {Akobian-Kabanov,
Yerevan 2000}) (10... Nxg3 11. hxg3 e6 12. Bc2 {This plan is a bit
straightforward, although it is clear that White's chances are on the b1-h7 /^.
} f5 13. g4 Bxc3+ $5 {This is an unexpected solution to give away the best
black piece, but the pressure on d5 can be solved this way.} 14. bxc3 Qf6 15.
Qd3 exd5 16. cxd5 c4 $1 17. Qd4 (17. Qxc4 fxg4) 17... fxg4 18. Qxf6 Rxf6 19.
Nd2 Nd7 20. Nxc4 Nc5 $13 {Landenbergue-Kamber, Suhr 1991}) 11. Nd2 (11. e4 $2
f4 12. Nxg5 {founders on the cold-blooded} Qe8 $1 {I.Sokolov}) (11. Nxg5 {
This piece sacrifice gives White an -> leading to only perpetual checks.} Nxg3
12. hxg3 hxg5 13. Qh5 Rf6 14. Qh7+ Kf7 (14... Kf8 $2 15. Qh8+ $1) 15. Qh5+ Kg8
16. Qh7+ Kf7 17. Qh5+ Kg8 18. Qh7+ {1/2-1/2 Pert-Smirnov, Aviles 2000}) (11.
O-O e5 (11... Qe8 12. Qc2 Qf7 13. a3 Nd7 14. Nd2 Bxc3 15. Qxc3 f4 16. exf4 gxf4
17. Bh4 Ne5 18. f3 $14 {Rustemov-Barrero Garcia, Seville 2002}) 12. dxe6 {
creating >< d5} Nxg3 (12... Bxe6 13. Rb1 {/\ Nd5} Nc6 {Black has weaknesses on
the d <->, but he has quickly finished his development as his B on the long /^
is strong.} 14. Nd5 Nxg3 15. hxg3 Ne7 (15... Rb8 $5 {/\ a6, b5 was possible.})
16. e4 f4 (16... fxe4 17. Bxe4 {allows White to bring his passive B into
action.}) 17. gxf4 gxf4 18. b4 {Since the >> is Black's territory, White has
to find play on the other flank.} cxb4 19. Rxb4 b6 20. Rb3 Nc6 (20... Nxd5 21.
exd5 Bg4 22. Re1 $14 {and the weakness of the light squares begins to tell.})
21. Be2 Rc8 $13 {Speelman-Nataf, Esbjerg 2001 CBM 85}) 13. hxg3 Bxc3 14. bxc3
Bxe6 $13) 11... Nxg3 (11... Qe8 12. Be2 Nxg3 13. hxg3 a6 14. Qc2 Nd7 15. O-O-O
{(Slipak-Sanchez, Villa Martelli 1999)} b5 $5 $132 {and the white K is also
far from safety!}) 12. hxg3 e5 $2 {[%mdl 16384] This is a strategical mistake,
White now gets a firm control over the light squares.} (12... e6 13. Qh5 {
This runs into Black's main defensive action Nd7-f6.} (13. g4 $5) 13... exd5
14. cxd5 (14. Nxd5 Nc6) 14... Nd7 15. Nc4 Qe7 16. g4 Ne5 17. Nxe5 Qxe5 18. gxf5
Bxf5 19. Bxf5 Qxf5 20. O-O a6 $11 {Ja.Andersen-Poluliakhov, Gausdal 1994}) (
12... Nd7 13. Nf3 (13. f4 Nf6 14. Nf3 e6 $13) 13... Nf6 14. Qc2 Ng4 {If Black
can keep the flexibility of his pawns, he can always find tactical counterplay.
} 15. Rd1 a6 16. Be2 Nf6 17. Nd2 Bd7 18. a4 Rb8 19. O-O Qe8 20. Rb1 Ng4 21.
Bxg4 fxg4 {Now Black's ^^ gets a real power.} 22. Ra1 Bf5 23. e4 Bd7 $15 {
Fiorito-Llanos, Rosario 2000}) 13. g4 $1 (13. e4 f4 14. gxf4 exf4 15. e5 dxe5
16. Nde4 $44) 13... e4 (13... fxg4 14. Nde4 $14) 14. Bc2 fxg4 (14... f4 15.
Ndxe4 fxe3 {is strongly met by} 16. f3 $5) 15. Ndxe4 Bf5 16. Ng3 {The exchange
of the light-squared bishops is favourable for White.} Bxc2 17. Qxc2 Nd7 18.
Nf5 Qf6 19. e4 {/\ Ne2-g3 strengthening the wonderful N on f5.} Qe5 20. Nxh6+
$6 {White now wins a P, but exchanges his strong N for it.} (20. O-O-O $16 {
was simple and strong.}) 20... Bxh6 21. Rxh6 Nf6 ({missing the tactical
counterchances by} 21... g3 $1 22. f3 Kg7 $1 23. Rh5 Kg6 $1 24. Rh1 g4 $132)
22. O-O-O {White now can double his rooks on the h <->.} Kg7 23. Rdh1 Rh8 24.
Rxh8 Rxh8 25. Rxh8 Kxh8 {White is a P up in the _|_, but Black has built up a
strong blockade.} 26. g3 a6 27. a4 Qd4 28. Qe2 Kg7 $2 (28... a5 $1 $14 {
would be the best defence closing the << forever.}) 29. a5 $1 {White doesn't
give a second chance!} Qe5 30. Kc2 Kg6 31. Kb3 Kg7 32. Kc2 Kg6 33. Kd1 {
It's probably time trouble, White simply makes moves to reach the control.} Kg7
34. Ke1 Kg6 35. Qd1 Kg7 (35... Nxe4 {runs into a lethal pin:} 36. Qd3 Kf5 37.
Ke2 Qd4 38. Qxd4 cxd4 39. Nxe4 Kxe4 40. Kd2 d3 41. Kc3 d2 42. Kxd2 Kd4 43. b3
$18) 36. Kf1 Kh6 (36... Nxe4 {is now met by} 37. Qxg4) 37. Kg2 Kg6 38. Qb3 Qd4
$2 {This is the last mistake allowing the breakthrough in the [+].} (38... Nxe4
$1 39. Qc2 Kf5 40. Nd1 Kg6 41. Ne3 (41. Qe2 {Ftacnik} Nf6 42. Qxe5 dxe5 43. Ne3
$16) 41... Kh5 {was still far from clear.}) 39. e5 $1 {Now Black's position
will soon collapse.} Qxe5 (39... dxe5 40. Qxb7 Qxc4 41. Qc6) 40. Qxb7 $18 Ne4
41. Qxa6 Nxc3 42. bxc3 Qe4+ 43. Kh2 {and there is no perpetual check.} Kh5 44.
Qc8 Qxc4 45. a6 Qa2 46. Qf5 Kh6 47. Qf6+ Kh5 48. Qf7+ Kh6 49. a7 1-0

[Event "Sarajevo Bosnia 32nd"]
[Site "Sarajevo"]
[Date "2002.05.26"]
[Round "5"]
[White "Radjabov, Teimour"]
[Black "Shirov, Alexei"]
[Result "1/2-1/2"]
[WhiteElo "2610"]
[BlackElo "2704"]
[Annotator "Ftacnik,L"]
[PlyCount "61"]
[EventDate "2002.05.22"]
[EventType "tourn"]
[EventRounds "9"]
[EventCountry "BIH"]
[EventCategory "16"]
[SourceTitle "CBM 090"]
[Source "ChessBase"]
[SourceDate "2002.09.20"]
[SourceVersion "1"]
[SourceVersionDate "2002.09.20"]
[SourceQuality "1"]

1. d4 Nf6 2. c4 g6 3. Nc3 d5 4. Nf3 Bg7 5. Qb3 dxc4 6. Qxc4 O-O 7. e4 a6 8. e5
b5 9. Qb3 Nfd7 10. h4 c5 11. e6 c4 12. Qd1 Nb6 13. exf7+ Rxf7 14. Be3 Nc6 15.
h5 Bg4 16. hxg6 hxg6 17. Be2 Nb4 18. Ng5 (18. a3 Bxf3 19. gxf3 N4d5 20. Rg1 (
20. Qc2 Rf5 21. f4 Nxc3 22. bxc3 Nd5 23. Bg4 e6 24. Bxf5 exf5 25. Kf1 {1-0
Gurevich,M-Mikhalevski,V/Vlissingen 1998/ (41)}) 20... Qd6 21. a4 (21. Qc2 Rf5
22. a4 Rc8 23. axb5 axb5 24. Ra5 Qc6 25. Rxb5 Nxc3 26. Rxf5 Nxe2 27. Rc5 Nxg1
28. Rxc6 Rxc6 29. Qe4 Rf6 30. f4 Nh3 31. Kf1 Kf7 32. Kg2 Nxf2 33. Bxf2 {
1-0 Babula,V-Kalod,R/CZE 1998/ (57)}) 21... e5 22. dxe5 (22. axb5 Nxe3 23. fxe3
exd4 24. exd4 Qh2 25. Rxg6 Re8 26. Qd2 Qh1+ 27. Kf2 Qxa1 28. Rxb6 Qh1 {0-1
Petran,P-Stohl,I/Austria 1997/ (31)}) 22... Qxe5 23. f4 Qf5 24. Rg5 Nxc3 25.
bxc3 Bxc3+ 26. Kf1 Qh3+ 27. Kg1 Bxa1 28. Bg4 Qh8 29. Rxg6+ Rg7 30. Be6+ Kf8 31.
Bc5+ Ke8 32. f5 Rd8 33. Qf3 Be5 34. Qc6+ Nd7 35. Bf7+ {1-0 Petrosian,
A-Malaniuk,V/Yerevan/1984/ (35)}) 18... Nd3+ 19. Kf1 Bxe2+ 20. Qxe2 Rf5 (20...
Rf6 21. Nce4 Rc6 22. Qg4 Qd7 23. Qh4 Nd5 24. Qh7+ Kf8 25. Rh3 Nxe3+ 26. fxe3
Qd5 27. Rf3+ Rf6 28. Qxg6 Rxf3+ 29. gxf3 {1-0 Ezat,M-Sameeh,H/Cairo/1999/ (29)}
) 21. Qg4 Nd5 22. Kg1 Nxe3 (22... Qd7 23. Rh4 (23. Qh4 Nf6 24. Nce4 Rd8 25. b3
Qd5 26. bxc4 bxc4 27. Rb1 Nxe4 28. Nxe4 Nf4 29. f3 Bxd4 $17 {1-0 Kozul,Z-Nedev,
T/Bled 2002/ (107)}) 23... Rd8 24. Rb1 e6 25. Nce4 Qe7 26. Nf3 N3f4 27. Re1
Rdf8 28. g3 Nd3 29. Qxg6 Nxe1 30. Nxe1 Nxe3 31. fxe3 R8f7 {1/2-1/2 Babula,
V-Kalod,R/Olomouc 1998/ (53)}) 23. fxe3 Nf2 24. Qh4 Qd6 $2 {[%mdl 64] The
position is very complex and finding a best move was anything but easy. Shirov
was not suspecting, that this natural move could spell disaster.} (24... Rxg5
25. Qxg5 Nxh1 26. Qxg6 e5 27. Qe6+ (27. dxe5 Qh4 $15) 27... Kh8 28. Qh3+ Kg8
29. dxe5 Nf2 30. Kxf2 Qd2+ 31. Kg1 Qxb2 32. Qe6+ $11) 25. g4 $6 (25. Qh7+ Kf8
26. Rh6 $1 Rxg5 (26... Rf6 27. Rf1 Ng4 28. Rxf6+ exf6 29. Rxg6 $18) 27. Rf1
Bxh6 (27... Qf6 28. Rxf2 Rf5 29. Ne4 Rxf2 30. Nxf6 Rxf6 31. Rxg6 $18) 28. Qxh6+
Kg8 (28... Ke8 29. Rxf2 Rf5 30. Rxf5 gxf5 31. Qh8+ Kf7 32. Qxa8 $18) 29. Qxg5
Nd3 30. Nd5 Ra7 31. Nf6+ exf6 32. Rxf6 $18) 25... Rxg5 26. Kxf2 (26. Qxg5 Qg3+
27. Kf1 Qf3 28. Qd5+ Qxd5 29. Nxd5 Nxh1 30. Kg2 e5 $17) 26... Bxd4 $1 {Great
tactical shot is opening access to white's king, so Radjabov is taking exit
with perpetual.} 27. Qh7+ Kf8 28. Qh6+ (28. exd4 Qf4+ 29. Ke2 Qxg4+ $11) 28...
Kg8 29. Qh7+ (29. Qxg5 Rf8+ (29... Bxc3 30. Rad1 (30. bxc3 Rf8+ 31. Ke1 Qg3+
32. Kd1 Qf3+ $19) 30... Qf6+ 31. Qxf6 Bxf6 32. Rd2 $14) 30. Kg2 Bxc3 31. Rh6 (
31. bxc3 Qd2+ 32. Kh3 Rf3+ $19) 31... Bg7 32. Qxg6 Qd5+ 33. Kg1 Rf3 34. Qh7+
Kf8 35. Rh3 Rxh3 36. Qxh3 Bxb2 $11) 29... Kf8 30. Qh6+ Kg8 31. Qh7+ 1/2-1/2

[Event "Sarajevo Bosnia 32nd"]
[Site "Sarajevo"]
[Date "2002.05.27"]
[Round "6"]
[White "Movsesian, Sergei"]
[Black "Radjabov, Teimour"]
[Result "1/2-1/2"]
[WhiteElo "2624"]
[BlackElo "2610"]
[PlyCount "51"]
[EventDate "2002.05.22"]
[EventType "tourn"]
[EventRounds "9"]
[EventCountry "BIH"]
[EventCategory "16"]
[SourceTitle "CBM 090"]
[Source "ChessBase"]
[SourceDate "2002.09.20"]
[SourceVersion "1"]
[SourceVersionDate "2002.09.20"]
[SourceQuality "1"]

1. e4 e6 2. d4 d5 3. e5 c5 4. c3 Nc6 5. Nf3 Qb6 6. a3 c4 7. Nbd2 Na5 8. g3 Bd7
9. Bh3 Be7 10. O-O h5 11. Qe2 O-O-O 12. Ne1 g6 13. f4 Nh6 14. Ndf3 Nb3 15. Rb1
Nxc1 16. Rxc1 Rdg8 17. Ng5 Qd8 18. Qd2 b5 19. Nc2 Kb8 20. Rb1 Qc7 21. Nb4 Ka8
22. Ra1 a5 23. Nc2 Rb8 24. Rfb1 Rb6 25. Bg2 Kb8 26. Bf3 1/2-1/2

[Event "Sarajevo Bosnia 32nd"]
[Site "Sarajevo"]
[Date "2002.05.30"]
[Round "9"]
[White "Radjabov, Teimour"]
[Black "Dizdarevic, Emir"]
[Result "1-0"]
[WhiteElo "2610"]
[BlackElo "2526"]
[Annotator "Radjabov,T"]
[PlyCount "53"]
[EventDate "2002.05.22"]
[EventType "tourn"]
[EventRounds "9"]
[EventCountry "BIH"]
[EventCategory "16"]
[SourceTitle "CBM 090"]
[Source "ChessBase"]
[SourceDate "2002.09.20"]
[SourceVersion "1"]
[SourceVersionDate "2002.09.20"]
[SourceQuality "1"]

{I was on a 50 procent score so I had white colour against Dizdarevic in last
round. I was in fighting mood...} 1. d4 {Ribli. Ftacnik. McShane} d6 2. c4 e5
3. d5 {Ribli: 'Dieser Zug wird relativ selten gespielt (die Alternativen 3.Nc3
und 3.Nf3 sind populärer), ist aber sehr logisch - Weiß gewinnt Raum im
Zentrum.'} f5 4. e4 {Ribli: 'Das ist eine chancenreiche Fortsetzung für Weiß -
mit diesem zeitweiligen Bauernopfer möchte er die Herrschaft über das e4-Feld
bekommen.'} (4. Nc3 {Ribli} Nf6 5. e4 Nxe4 6. Nxe4 fxe4 7. Ne2 Be7 8. Ng3 O-O
9. Nxe4 Bf5 10. Bd3 Nd7 11. O-O Bxe4 12. Bxe4 Bg5 13. Qh5 Nf6 14. Qxg5 Nxe4 $11
) 4... Nf6 5. exf5 Bxf5 6. Nc3 Na6 7. Nge2 $1 {Now Whites idea is to occupy
the e4 square and then the f8 bishop will be out of play.} Ne4 $5 {McShane:
'Unnatural, but Black fears that White will play Bc1-g5, exchange the knight
off, and establish a bind on e4.'} (7... Nb4 $4 8. Qa4+ $18) (7... Nc5 8. Ng3
Bg6 9. Be3 $16 {And White is much better because white wants to take on c5 and
then Bd3 xe4.}) (7... Be7 8. Ng3 Bg6 9. Bd3 $14) 8. Nxe4 (8. Be3 $5) 8... Bxe4
9. Ng3 (9. Nc3 $5 {Was possible but less active!}) 9... Bg6 (9... Qh4 10. Be3
Bg6 11. Qb3 (11. Qa4+ Kd8 12. Qb3 Kc8 13. Bd3 $14) (11. Be2 $5 Be7 12. O-O O-O
13. Bg4 $14) (11. Bd3 $1 Bxd3 12. Qxd3 $16 {And queen on h4 is misplaced!})
11... O-O-O 12. Bxa7 b6 13. Bxb6 cxb6 14. Qxb6 $14) 10. Bd3 {'+/=' Ribli.
Ribli: 'Wir haben eine Zentrumsbauernstruktur, welche typisch für die
Königsindische Verteidigung ist. Dort, wie hier auch, hat die Herrschaft über
das Schlüsselfeld e4 eine sehr wichtige Bedeutung. In unserer Stellung
kontrolliert Weiß den Punkt e4, so hat er dauerhaften Positionsvorteil.'} (10.
h4 $5 c6 11. h5 Bf7 12. Bd3 cxd5 13. cxd5 Nc7 14. O-O $44) 10... Bxd3 11. Qxd3
Nc5 12. Qc2 $5 {It was possible to place queen on e2 but I wanted to have Qf5
somewhere.} Be7 13. Be3 {Development is completed, so White is starting active
operations. McShane: 'The e4 square is critical here. White now has the
positional threat of exchanging bishop for knight on c5 and establishing his
own knight on e4, unchallenged.'} Nd7 14. Qf5 $5 {'!' McShane. '!' Ribli.  An
active move; it was possible just to make 0-0 and then Ne4 - white is better.
McShane: 'An important move, preventing Black from castling, as well as Be7-g5
to exchange the bad bishop.' Ftacnik: 'Due to the dark squared bishops white
enjoys some advantage, but without forcefull play it can easily disappear.' 
Ribli: 'Der Damezug verhindert die Rochade, so muss Schwarz weitere Tempi
verlieren.'} (14. O-O O-O 15. Ne4 $14) 14... Nf6 (14... g6 15. Qe6 (15. Qf3 $1
$16) 15... Nf8 (15... Nf6 $14) 16. Qg4 Qd7 17. Qe2 $16 {The knight on f8 is
misplaced and Black has only weaknesses.}) 15. O-O Qd7 (15... O-O 16. Qe6+ (16.
f4 $5 Nd7 17. Qe6+ (17. Qc2 exf4 18. Bxf4 Bg5 19. Nh5 $14) 17... Kh8 18. Ne4
exf4 19. Rxf4 $14) 16... Kh8 17. Nf5 (17. Rae1 Re8 18. f4 exf4 19. Rxf4 Nd7 $13
) (17. f4 Nd7 18. fxe5 Re8 19. b3 Nxe5 20. Rae1 Bg5 $14) 17... Ng8 $13) 16. f4
{'!' McShane. McShane: 'Opening up the position to exploit the lead in
development.'} exf4 (16... Ng4 17. Rae1 $5 (17. Bd2 $1 g6 (17... exf4 18. Nh5
Bf6 (18... O-O-O 19. Nxg7 Ne5 20. Bxf4 $16) 19. Nxf6+ Nxf6 (19... gxf6 20.
Rae1+ Ne5 21. Qxf6 Rf8 22. Qh4 $16) 20. Rae1+ Kd8 21. Re6 $16) 18. Qxd7+ (18.
Qe4 $1 Rf8 19. f5 gxf5 20. Nxf5 Rg8 21. Rf3 $16) 18... Kxd7 19. fxe5 (19. h3
exf4 20. Bxf4 Ne5 21. Bxe5 dxe5 22. Rae1 $14) 19... dxe5 20. Ne4 $14) 17... g6
18. Qe4 $16) 17. Bxf4 {The position is very hard for black, he has a bad
bishop on e7 and no active counterplay.} (17. Qxf4 $5 O-O 18. Nf5 $16) 17... g6
{'?!' Ribli. McShane: 'Black doesn't want the queens on, but '  Ribli: 'Dieser
Zug gefällt mir nicht - Schwarz schwächt von selbst seine Stellung.'} (17...
O-O {Was better!} 18. Rae1 Rae8 19. Re6 (19. Bg5 Bd8 20. Rxe8 Rxe8 21. b3 Qxf5
22. Nxf5 Ng4 (22... Re2 23. a4 $16) (22... a6 23. Nd4 (23. a4 $14) 23... c6 $1
$11) 23. Bxd8 Rxd8 24. Nd4 $16) (19. b3 $5 g6 20. Qe6+ Qxe6 21. dxe6 $16) (19.
Bd2 Bd8 20. Rxe8 Rxe8 21. Bc3 $14) 19... Qa4 20. Rfe1 Bd8 (20... Rf7 $1 21. Bg5
Nd7 22. Qe4 Ne5 23. c5 Qb5 24. cxd6 cxd6 25. Nf5 Bxg5 26. Rxe8+ Qxe8 27. Nxd6
Qf8 28. Nxf7 Nxf7 $15) 21. b3 $16 Qxa2 22. Rxe8 Rxe8 23. Rxe8+ Nxe8 24. Qd7 $18
) (17... Qxf5 {McShane} 18. Nxf5 {[%csl Gf5][%cal Ya1e1] leaves the knight
very well placed.}) 18. Qd3 (18. Qxd7+ Kxd7 19. Bh6 (19. Rae1 Rae8 20. Be3 (20.
Bh6 Bd8 $14) (20. Rxe7+ $5 Rxe7 21. Bg5 Ng4 22. Bxe7 Kxe7 23. Ne4 $14) 20...
Ng4 21. Bd4 Rhf8 22. Rxf8 Rxf8 23. Ne4 $14) 19... Ng4 20. Bg7 Rhg8 21. Rf7 (21.
Bd4 $5 Raf8 22. Ne4 $14) 21... Ke8 22. Raf1 Ne3 23. R1f4 Nf5 24. R7xf5 gxf5 25.
Nxf5 Kd7 $17) 18... O-O 19. Rae1 Ne8 {'?' Ftacnik. McShane: 'Black's passive
position is very unpleasant.' Ftacnik: 'Black's position was not very pleasant,
but passive defense is only making the situation worse.'} (19... Rae8 20. Re6 {
McShane: 'maintains the pressure, as'} (20. Bh6 Rf7 21. Qd4 $16) 20... Bd8 21.
Bh6 {'!' McShane.} Rf7 (21... Rxe6 {McShane} 22. dxe6 {wins the exchange}) 22.
Qe2 $16) (19... Ng4 {Ftacnik} 20. h3 Ne5 21. Bxe5 dxe5 22. Rxf8+ Rxf8 23. Rxe5
Bc5+ 24. Kh2 Bd6 25. Re2 $16) 20. Bh6 {Ribli: 'Jetzt können wir den Nachteil
des Zuges 17...g6?! sehen.'} Rxf1+ 21. Rxf1 Ng7 (21... Bf6 22. Ne4 Bg7 23. Bxg7
Qxg7 24. Ng5 $16 Nf6 (24... Qe5 25. Ne6 (25. Qh3 Qxg5 26. Qe6+ Kg7 27. Rf7+ Kh6
(27... Kh8 $11) 28. Qh3+ Qh5 29. Qe3+ g5 30. Qe6+ Qg6 31. Qh3+ $18) (25. Qf3 $1
Qe7 26. Qg3 $1 Ng7 27. Rf7 Qe2 28. Qh3 h5 (28... Qd1+ 29. Rf1 Qd4+ 30. Kh1 Nh5
(30... h5 31. Qd7 $18) 31. Qe6+ $18) 29. Qc3 Nf5 30. h3 $16) 25... Ng7 26. Nxc7
Rc8 27. Nb5 $16) 25. Qe3 $18) 22. Qd4 Bd8 (22... Ne8 {Ftacnik} 23. Ne4 c6 24.
Rf7 $3 (24. Qf2 {Ftacnik} Qf5 25. Qxf5 gxf5 26. Rxf5 $16) 24... Kxf7 25. Qh8
Qg4 26. Ng5+ Qxg5 27. Qxh7+ Kf6 28. Bxg5+ Kxg5 29. Qxe7+ $18) 23. Qf4 Qe8 (
23... Qe7 $142 $16 {Ribli}) 24. c5 $3 {Now Black's queen-side is paralized!
Bishop on d8 and rook on a8 are not playing. Pawn on d6 is vulnerable. +-} dxc5
(24... a5 25. Bxg7 Kxg7 26. Ne4 Be7 27. cxd6 cxd6 28. Nxd6 $18) (24... b5 25.
c6 (25. Bxg7 $5 Kxg7 26. Ne4 $18) 25... a6 26. b3 Qe7 27. Bg5 Qe8 28. Bxd8 Rxd8
29. Ne4 Qe7 30. Nf6+ $16) 25. d6 cxd6 (25... b5 26. dxc7 Be7 27. Qe5 Bf8 28.
Rxf8+ Qxf8 29. Ne4 $18) 26. Qc4+ Kh8 27. Qc3 $18 1-0

[Event "FIDE GP"]
[Site "Moscow"]
[Date "2002.06.01"]
[Round "1.1"]
[White "Radjabov, Teimour"]
[Black "Svidler, Peter"]
[Result "1/2-1/2"]
[WhiteElo "2610"]
[BlackElo "2688"]
[PlyCount "39"]
[EventDate "2002.06.01"]
[EventType "k.o. (rapid)"]
[EventRounds "5"]
[EventCountry "RUS"]
[SourceTitle "CBM 090"]
[Source "ChessBase"]
[SourceDate "2002.09.20"]
[SourceVersion "1"]
[SourceVersionDate "2002.09.20"]
[SourceQuality "1"]

1. d4 Nf6 2. c4 e6 3. Nf3 d5 4. Nc3 dxc4 5. e3 a6 6. Bxc4 c5 7. a4 Nc6 8. O-O
Be7 9. Qe2 cxd4 10. Rd1 e5 11. exd4 exd4 12. Nxd4 Nxd4 13. Qe5 Qd6 14. Qxd4
Qxd4 15. Rxd4 O-O 16. Bg5 Bf5 17. Re1 Rfe8 18. Re5 Bg6 19. h3 h6 20. Bh4
1/2-1/2